Marketing y competitividad: (Registro nro. 9168)

Detalles MARC
000 -LEADER
fixed length control field 02163nam a2200205Ia 4500
005 - FECHA Y HORA DE LA ÚLTIMA TRANSACCIÓN
control field 20230906142748.0
008 - FIXED-LENGTH DATA ELEMENTS--GENERAL INFORMATION
fixed length control field 230903s9999 xx 000 0 und d
020 ## - INTERNATIONAL STANDARD BOOK NUMBER
International Standard Book Number 978-987-615-071-2
040 ## - CATALOGING SOURCE
Original cataloging agency UPAN
Transcribing agency Biblioteca San Vicente
Description conventions RCAA2
041 ## - LANGUAGE CODE
Language code of text/sound track or separate title spa
082 ## - DEWEY DECIMAL CLASSIFICATION NUMBER
Classification number 658.8
Item number V536m
año de publicación 2009
100 ## - MAIN ENTRY--PERSONAL NAME
Personal name Vicente, Miguel Ángel
Relator code coord.
245 #0 - TITLE STATEMENT
Title Marketing y competitividad:
Remainder of title Nuevos enfoques para nuevas realidades/
Statement of responsibility, etc Miguel Ángel Vicente
250 ## - EDITION STATEMENT
Edition statement 1° ed.
260 ## - PUBLICATION, DISTRIBUTION, ETC. (IMPRINT)
Place of publication, distribution, etc Argentina:
Name of publisher, distributor, etc Pearson,
Date of publication, distribution, etc 2009
300 ## - PHYSICAL DESCRIPTION
Extent 771 p.;
Dimensions 24 cm.
505 ## - FORMATTED CONTENTS NOTE
Formatted contents note Capitulo 1: Comportamiento del consumidor y estrategias de marketing<br/>Capitulo 2: Percibir y valorar: Neurofisiología en las decisiones de consumo<br/>Capitulo 3: Información e investigación comercial <br/>Capitulo 4: La inteligencia comercial y los procesos de segmentación<br/>Capitulo 5:Armado e implementación de un plan de marketing<br/>Capitulo 6: Competitividad empresaria<br/>Capitulo 7: pensamiento estratégico: estrategia corporativa, funcional, UEN, benchmarking<br/>Capitulo 8: Estrategia competitiva<br/>Capitulo 9:Las ventas competitivas<br/>Capitulo 10: La marca<br/>Capitulo 11: Técnicas del marketing estratégico<br/>Capitulo 12:Estrategias para el portafolio de productos<br/>Capitulo 13: Marketing en la tierra media 2.0<br/>Capitulo 14: Marketing de servicios<br/>Capitulo 15 estrategias y políticas de precios<br/>Capitulo 16: Comunicaciones integradas de marketing<br/>Capitulo 17:Percepcion y comunicación en marketing<br/>Capitulo 18: Comunicaciones e internet<br/>Capitulo 19: Auditoria de marketing y negocios<br/>Capitulo 20:Gestion de ventas: arte de lo posible<br/>Capitulo 21: Gestión de la cadena de abastecimiento<br/>Capitulo 22: Plan de distribución y logística<br/>Capitulo 23: Estrategias y técnicas aplicadas de negociación<br/>Capitulo 24:Marketing político<br/>Capitulo 25: Retail marketing global<br/>Capitulo 26: Mercandishing<br/>Capitulo 27: Un enfoque integral del marketing deportivo<br/>Capitulo 28: Category management y estrategia<br/>Capitulo 29: Marketing publico<br/>Capitulo 30: la era del fin del marketing tal como lo conocimos<br/>Capitulo 31: La relación con el cliente
650 ## - SUBJECT ADDED ENTRY--TOPICAL TERM
Source of heading or term LEMB
General subdivision Mercadeo
942 ## - ADDED ENTRY ELEMENTS (KOHA)
Koha item type Libros
Source of classification or shelving scheme Dewey Decimal Classification
Existencias
Withdrawn status Lost status Source of classification or shelving scheme Damaged status Not for loan Collection code Home library Current library Date acquired Total Checkouts Full call number Barcode Date last seen Copy number Price effective from Koha item type
    Dewey Decimal Classification     Colección General Biblioteca UPAN San Vicente Biblioteca UPAN San Vicente 03/09/2023   658.8 V536m 12002685 03/09/2023 01 03/09/2023 Libros
    Dewey Decimal Classification     Colección General Biblioteca UPAN San Vicente Biblioteca UPAN San Vicente 06/09/2023   658.8 V536m 12002684 06/09/2023 02 06/09/2023 Libros
    Dewey Decimal Classification     Colección General Biblioteca UPAN San Vicente Biblioteca UPAN San Vicente 06/09/2023   658.8 V536m 12002683 06/09/2023 03 06/09/2023 Libros